Estructura de la función pública y burocracia en España / [Mariano Baena del Alcázar]
ISBN:
84-7542-122-9
Descripción Física:
158 p. : taules ; 22 cm
Colección:
Administración y autonomía ; 1
MARC
| LEADER | 00000nam a2200000Ia 4500 | ||
|---|---|---|---|
| 001 | 18334 | ||
| 003 | BGR | ||
| 005 | 20260324175231.0 | ||
| 008 | 160829s1984 xx 000 0 cat d | ||
| 020 | |a 84-7542-122-9 | ||
| 080 | |a M-5-287 | ||
| 100 | |a Baena del Alcázar, Mariano |9 45272 | ||
| 245 | |a Estructura de la función pública y burocracia en España / [Mariano Baena del Alcázar] | ||
| 260 | |a Oñati : |b Instituto Vasco de Administración Pública, |c 1984 | ||
| 300 | |a 158 p. : |b taules ; |c 22 cm | ||
| 490 | |a Administración y autonomía ; 1 | ||
| 650 | 0 | |a Funció pública |z Espanya |9 11103 | |
| 650 | |a Burocràcia |x Espanya |9 22344 | ||
| 650 | 0 | |a Administració pública |z Espanya |9 19075 | |
| 651 | 0 | |a Espanya |x Funcionaris i empleats |9 53097 | |
| 710 | 2 | |a Instituto Vasco de Administración Pública |9 71198 | |
| 901 | |a Arxiu | ||
| 942 | |n 1 |2 udc |c MON | ||
| 952 | |0 0 |1 0 |4 0 |6 M5287 |7 1 |9 42178 |a Arxiu |b Arxiu |d 2016-12-01 |l 0 |o M-5-287 |p 18334 |r 2016-12-01 00:00:00 |w 2016-12-01 |y ARXIU | ||
| 999 | |c 44625 |d 44625 | ||